Couples de séries et films - Statistiques

Statistiques générales
  • Ce quiz a été pris 73 fois
  • Le résultat moyen est 5 sur 47
Statistiques - réponses
Couple n° Réponse % Correct
32 Jack et Rose
53%
11 Elena et Damon
41%
13 Stefan et Elena
34%
8 Blair et Chuck
31%
14 Klaus et Caroline
29%
26 Harry et Ginny
28%
25 Hermione et Ron
24%
36 Meredith et Derek
24%
9 Serena et Dan
21%
16 Bella et Edward
16%
28 John B et Sarah
16%
41 Nick et Noah
16%
10 Lara Jean et Peter
16%
15 Bonnie et Enzo
14%
29 Mercredi et Tyler
14%
17 Belly et Conrad
12%
27 JJ et Kiara
12%
45 Scott et Allison
10%
23 Peter et MJ
9%
35 Elisabeth et Will
7%
5 Clarke et Bellamy
7%
1 Katniss et Peeta
7%
38 Callie et arizona
5%
20 Daphné et Simon
5%
4 Clarke et Lexa
5%
43 Élijah et Hayley
5%
6 Thomas et Teresa
5%
31 Kat et Patrick
5%
37 Lexie et Mark
5%
24 Peter et Gwen
5%
21 Anakin et Padme
3%
40 Aria et Ezra
3%
3 Octavia et Lincoln
3%
19 Rue et Jules
3%
12 Stefan et Katherine
3%
39 Hanna et Caleb
3%
22 Han Solo et Leia
3%
33 Joe et Beck
3%
46 Mia et Brian
3%
42 Tessa et Hardin
3%
7 Thomas et Newt
3%
2 Tris et Four
2%
34 Joe et Love
2%
30 Mia et Sébastian
2%
18 Nate et Maddy
2%
41 Spencer et Tobi
2%
44 Stiles et Malia
2%
Aucun quiz correspondant
Distribution des résultats
% des personnes avec chaque résultat
Percentile par nombre de réponses
Votre historique - résultats
Vous n’avez pas pris ce quiz